| 000 | 00480pab a2200169 454500 | ||
|---|---|---|---|
| 008 | 180718b2013 xxu||||| |||| 00| 0 eng d | ||
| 100 | _aGovender, D. (Sagree) | ||
| 245 | _aTheorising the lived experiences of Indian Diasporic Academic Women: Stoic arborescence or Rupturing RHIZOMES? | ||
| 260 | _c2013 | ||
| 300 | _ap.557-575. | ||
| 362 | _aOct-Dec | ||
| 650 | _aNonresident Indians | ||
| 700 | _aSokrajh, R. | ||
| 773 | _aMan in India | ||
| 908 | _aN | ||
| 909 | _a102873 | ||
| 999 |
_c102871 _d102871 |
||